[Event "Team senior chess final 2016"]
[Site "Sochi"]
[Date "2016.05.01"]
[Round "1.1"]
[White "Faibisovich, Vadim Z"]
[Black "Sidorov, Anatoly"]
[Result "1/2-1/2"]
[WhiteElo "2352"]
[BlackElo "2292"]
[PlyCount "120"]
[EventDate "2016.05.01"]

1. e4 c5 2. Nf3 Nc6 3. d4 cxd4 4. Nxd4 Qb6 5. Nb3 Nf6 6. Nc3 e6 7. Bd3 d6 8.
O-O Be7 9. Qe2 a6 10. Kh1 Qc7 11. f4 b5 12. Bd2 b4 13. Nd1 a5 14. c3 a4 15. Nd4
Nxd4 16. cxd4 d5 17. Nf2 O-O 18. e5 Nd7 19. Be3 Qb6 20. Qc2 f5 21. Rfc1 Qa5 22.
Qc7 Qxc7 23. Rxc7 Bd8 24. Rc6 Nb6 25. Rac1 Bd7 26. Rd6 Rb8 27. Bd2 Be7 28. Bxb4
Bxd6 29. Bxd6 Rfc8 30. Rc5 Nc4 31. Bxb8 Rxb8 32. b3 axb3 33. axb3 Rxb3 34. h3
Ne3 35. Kg1 h5 36. Rc7 Be8 37. g3 Ra3 38. Rc8 Kf7 39. Rc7+ Kf8 40. Rc8 Kf7 41.
Rc7+ Kg6 42. Re7 Bf7 43. Rb7 Ra4 44. g4 hxg4 45. hxg4 Rxd4 46. gxf5+ Nxf5 47.
Bxf5+ exf5 48. Rb6+ Kh5 49. e6 Bxe6 50. Rxe6 Rxf4 51. Re5 d4 52. Kg2 g5 53. Kg3
Kg6 54. Re6+ Kh5 55. Rf6 d3 56. Nxd3 Rd4 57. Ne5 f4+ 58. Kf3 Ra4 59. Rf8 g4+
60. Nxg4 Kg5 1/2-1/2

[Event "Team senior chess final 2016"]
[Site "Sochi"]
[Date "2016.05.01"]
[Round "1.1"]
[White "Iliushkin, Evgeny"]
[Black "Mishuchkov, Nikolai M"]
[Result "1/2-1/2"]
[WhiteElo "2223"]
[BlackElo "2301"]
[PlyCount "79"]
[EventDate "2016.05.01"]

1. d4 Nf6 2. Nf3 d5 3. c4 e6 4. Nc3 Bb4 5. cxd5 exd5 6. Bg5 h6 7. Bxf6 Qxf6 8.
Qb3 c5 9. e3 Nc6 10. dxc5 Be6 11. Bb5 Bxc5 12. Nxd5 Bxd5 13. Qxd5 Bb4+ 14. Kf1
O-O 15. Bxc6 Qxb2 16. Rd1 bxc6 17. Qb3 Qxb3 18. axb3 a5 19. Ke2 a4 20. bxa4
Rxa4 21. Ra1 Rfa8 22. Rxa4 Rxa4 23. Ne5 Ra2+ 24. Kf3 c5 25. Rc1 Rd2 26. Nc6 Rb2
27. Nxb4 cxb4 28. Rc8+ Kh7 29. h4 h5 30. Rb8 g6 31. g3 f6 32. Rb7+ Kg8 33. e4
b3 34. Ke3 Rb1 35. Kd3 b2 36. Kc2 Re1 37. Rxb2 Rxe4 38. Kd3 f5 39. f3 Re5 40.
Re2 1/2-1/2

[Event "Team senior chess final 2016"]
[Site "Sochi"]
[Date "2016.05.01"]
[Round "1.1"]
[White "Karasev, Vladimir I"]
[Black "Ostashevsky, Gennady"]
[Result "1/2-1/2"]
[WhiteElo "2354"]
[BlackElo "2125"]
[PlyCount "84"]
[EventDate "2016.05.01"]

1. e4 d6 2. d4 Nf6 3. Nc3 e5 4. dxe5 dxe5 5. Qxd8+ Kxd8 6. Bc4 Ke8 7. f4 Nbd7
8. Nf3 Bd6 9. g3 a6 10. a4 b6 11. O-O Bb7 12. Re1 h6 13. Nd5 Kf8 14. Bd2 Re8
15. Nxf6 gxf6 16. fxe5 Nxe5 17. Nxe5 Bxe5 18. c3 h5 19. Bd5 c6 20. Bc4 h4 21.
Bf4 hxg3 22. Bxg3 Rg8 23. Kf2 Bxg3+ 24. hxg3 Rg5 25. Rad1 Rge5 26. Rd7 R8e7 27.
Rxe7 Kxe7 28. Re3 b5 29. axb5 axb5 30. Bd3 Rh5 31. Be2 Re5 32. Kf3 Bc8 33. Kf4
Be6 34. g4 Bb3 35. Rh3 Bc2 36. Bd3 Bb3 37. Rh5 Kd6 38. Rxe5 fxe5+ 39. Kg5 Ke7
40. Kf5 f6 41. g5 Be6+ 42. Kg6 fxg5 1/2-1/2

[Event "Team senior chess final 2016"]
[Site "Sochi"]
[Date "2016.05.01"]
[Round "1.1"]
[White "Loginov, Alexander"]
[Black "Blechzin, Igor"]
[Result "0-1"]
[WhiteElo "2123"]
[BlackElo "2350"]
[PlyCount "92"]
[EventDate "2016.05.01"]

1. e4 c5 2. Nc3 e6 3. f4 d5 4. Bb5+ Bd7 5. Bxd7+ Qxd7 6. Nf3 dxe4 7. Nxe4 Nc6
8. b3 Nh6 9. Bb2 Nf5 10. O-O Be7 11. Ne5 Qd5 12. Nc3 Qd4+ 13. Kh1 Nxe5 14. Na4
Qd7 15. fxe5 Rd8 16. Qf3 O-O 17. d3 Nd4 18. Bxd4 cxd4 19. Nb2 Rc8 20. Rf2 Rc5
21. Re1 Qc7 22. Nc4 b5 23. Nd6 Bxd6 24. exd6 Qxd6 25. Qb7 Qc7 26. Qe4 e5 27.
Ree2 b4 28. h4 g6 29. g4 f6 30. h5 Qc6 31. Qxc6 Rxc6 32. hxg6 hxg6 33. g5 Kg7
34. Kg2 fxg5 35. Rxf8 Kxf8 36. Kf3 Rf6+ 37. Ke4 Rf5 38. Kd5 g4 39. Rg2 Rg5 40.
Ke6 Kg7 41. Rg3 Kh6 42. Rg1 g3 43. Rh1+ Kg7 44. Kd5 g2 45. Rg1 Kf6 46. Ke4 Rg3
0-1

[Event "Team senior chess final 2016"]
[Site "Sochi"]
[Date "2016.05.01"]
[Round "1.2"]
[White "Gubernatorov, Sergey"]
[Black "Rashkovsky, Nukhim N"]
[Result "1/2-1/2"]
[WhiteElo "2289"]
[BlackElo "2515"]
[PlyCount "81"]
[EventDate "2016.05.01"]

1. c4 c5 2. g3 Nc6 3. Bg2 g6 4. Nc3 Bg7 5. e4 d6 6. Nge2 h5 7. h3 e5 8. d3 f5
9. Be3 h4 10. Qd2 Bh6 11. O-O-O hxg3 12. fxg3 Bxe3 13. Qxe3 Nd4 14. h4 Nf6 15.
Qg5 Rg8 16. Rdf1 Be6 17. Nxd4 cxd4 18. Nb5 Kf7 19. h5 gxh5 20. Qd2 a6 21. exf5
Bxc4 22. Nxd4 Bxa2 23. b3 exd4 24. Qxa2 Rxg3 25. Kb1 Rxd3 26. Rxh5 Qb6 27. b4+
Kf8 28. Rh8+ Kg7 29. Rxa8 Qxb4+ 30. Kc1 Qc3+ 31. Kb1 Rd2 32. Rg1 Qb4+ 33. Kc1
Rxa2 34. Bd5+ Ng4 35. Bxa2 Kf6 36. Rf8+ Ke5 37. Re8+ Kf4 38. Rf1+ Kg3 39. Rg1+
Kf4 40. Rf1+ Kg3 41. Rg1+ 1/2-1/2

[Event "Team senior chess final 2016"]
[Site "Sochi"]
[Date "2016.05.01"]
[Round "1.2"]
[White "Lisenko, Alexander V"]
[Black "Zhukov, Viktor I"]
[Result "1-0"]
[WhiteElo "2361"]
[BlackElo "2004"]
[PlyCount "81"]
[EventDate "2016.05.01"]

1. d4 Nf6 2. c4 g6 3. Nf3 Bg7 4. g3 O-O 5. Bg2 d6 6. O-O Nbd7 7. b3 c6 8. Bb2
Qc7 9. Nc3 Re8 10. Rc1 e5 11. Rc2 e4 12. Ng5 e3 13. f3 Qa5 14. Nge4 Nxe4 15.
Nxe4 Qxa2 16. Nxd6 Re7 17. b4 Qb3 18. Qd3 Qxd3 19. exd3 Nf6 20. Re1 Ne8 21.
Nxc8 Rxc8 22. Rce2 Nc7 23. Rxe3 Rxe3 24. Rxe3 Rd8 25. Re7 Ne6 26. Rxb7 Nxd4 27.
Kf2 Re8 28. Bf1 c5 29. b5 h5 30. f4 h4 31. Ba1 hxg3+ 32. hxg3 g5 33. Rxa7 gxf4
34. gxf4 Re6 35. Ra6 Rxa6 36. bxa6 Nc6 37. Bxg7 Kxg7 38. Bg2 Na7 39. Ke3 Kf6
40. d4 cxd4+ 41. Kxd4 1-0

[Event "Team senior chess final 2016"]
[Site "Sochi"]
[Date "2016.05.01"]
[Round "1.2"]
[White "Mednikov, Gennadiy"]
[Black "Fradkin, Boris"]
[Result "1/2-1/2"]
[WhiteElo "2118"]
[BlackElo "2387"]
[PlyCount "50"]
[EventDate "2016.05.01"]

1. d4 Nf6 2. Bf4 g6 3. Nc3 d6 4. Qd2 Nbd7 5. Nf3 Bg7 6. Bh6 O-O 7. Bxg7 Kxg7 8.
O-O-O c5 9. e4 cxd4 10. Nxd4 a6 11. h4 Nc5 12. h5 Ng8 13. hxg6 hxg6 14. f3 e5
15. Nb3 Nxb3+ 16. axb3 Be6 17. f4 exf4 18. Qxf4 Qf6 19. Qh2 Qg5+ 20. Kb1 Qh6
21. Qg1 Qg5 22. Qh2 Qh6 23. Qg1 Qg5 24. Qh2 Qh6 25. Qg1 Qg5 1/2-1/2

[Event "Team senior chess final 2016"]
[Site "Sochi"]
[Date "2016.05.01"]
[Round "1.2"]
[White "Kaliberda, Vladimir"]
[Black "Maiorov, Viktor"]
[Result "1-0"]
[WhiteElo "2268"]
[BlackElo "2047"]
[PlyCount "89"]
[EventDate "2016.05.01"]

1. d4 Nf6 2. Nf3 e6 3. c4 Bb4+ 4. Nbd2 c5 5. a3 Bxd2+ 6. Qxd2 cxd4 7. Nxd4 Nc6
8. Nxc6 dxc6 9. Qxd8+ Kxd8 10. Bf4 Ke7 11. c5 Ne8 12. e4 f6 13. e5 b6 14. Be2
Bb7 15. O-O-O fxe5 16. Bxe5 bxc5 17. Bf4 Rf8 18. Be3 Rf5 19. Bd3 Rd5 20. Bxh7
Nf6 21. Bc2 Rad8 22. Rxd5 Rxd5 23. Rd1 Kd6 24. Bb3 Rxd1+ 25. Bxd1 Nd5 26. Kd2
e5 27. h4 Bc8 28. g4 Nf6 29. f3 Be6 30. Bg5 Nh7 31. Bd8 Kd7 32. Bc2 Bg8 33. Ba5
Nf6 34. Ke2 Be6 35. Kf2 Bf7 36. Bd2 g6 37. Be3 Kd6 38. Bh6 c4 39. Kg3 Kd5 40.
Bg5 Nd7 41. Be4+ Kd6 42. Bd2 Nb6 43. f4 Na4 44. Bc3 exf4+ 45. Kxf4 1-0

[Event "Team senior chess final 2016"]
[Site "Sochi"]
[Date "2016.05.01"]
[Round "1.4"]
[White "Pozin, Sergey"]
[Black "Shvedchikov, Anatoli I"]
[Result "1/2-1/2"]
[WhiteElo "2332"]
[BlackElo "2299"]
[PlyCount "80"]
[EventDate "2016.05.01"]

1. d4 d5 2. Bf4 c5 3. e3 Nc6 4. Nf3 Nf6 5. Bb5 Qa5+ 6. Nc3 Ne4 7. Rb1 a6 8.
Bxc6+ bxc6 9. O-O Bg4 10. Nxe4 dxe4 11. Qd2 Qb5 12. Ne5 Be6 13. c4 Qb7 14. Rfd1
g5 15. Bg3 Bg7 16. d5 cxd5 17. cxd5 Bf5 18. b4 c4 19. Rbc1 Bxe5 20. Bxe5 f6 21.
Ba1 Bg4 22. Rf1 Rd8 23. Rxc4 Rxd5 24. Rd4 Rxd4 25. Qxd4 Be2 26. Rc1 Kf7 27. h3
Rc8 28. Rc5 Rxc5 29. Qxc5 Qb5 30. Bd4 Qxc5 31. Bxc5 Bb5 32. f3 exf3 33. gxf3 e5
34. Kf2 h5 35. f4 exf4 36. exf4 h4 37. fxg5 fxg5 38. a3 Bd7 39. Kg2 Kg6 40. Be7
Bc6+ 1/2-1/2

[Event "Team senior chess final 2016"]
[Site "Sochi"]
[Date "2016.05.01"]
[Round "1.4"]
[White "Dragomarezkij, Evgeni"]
[Black "Sosnin, Anatoly"]
[Result "1-0"]
[WhiteElo "2351"]
[BlackElo "2188"]
[PlyCount "85"]
[EventDate "2016.05.01"]

1. c4 Nf6 2. Nc3 e5 3. Nf3 d6 4. d4 Nbd7 5. Bg5 c6 6. e3 Be7 7. Be2 O-O 8. O-O
Qc7 9. Bh4 Re8 10. h3 exd4 11. Nxd4 Ne5 12. Qc2 Be6 13. Nxe6 fxe6 14. Rad1 b6
15. f4 Ng6 16. Bg3 d5 17. Bd3 Nf8 18. Kh1 Rad8 19. Bh2 Rd7 20. e4 d4 21. Ne2
Red8 22. e5 Ne8 23. f5 h6 24. fxe6 Nxe6 25. Bf5 d3 26. Bxe6+ Kh8 27. Qd2 dxe2
28. Qxe2 Rxd1 29. Rxd1 Bc5 30. Bf5 Qe7 31. Bc2 Rxd1+ 32. Qxd1 Qh4 33. Qe2 Qg5
34. Qe1 Nc7 35. h4 Qh5 36. Qe4 Kg8 37. e6 Ne8 38. Qxc6 Kf8 39. Ba4 Nf6 40. Qb7
Ng4 41. Bg3 Ne3 42. e7+ Bxe7 43. Qc8+ 1-0

[Event "Team senior chess final 2016"]
[Site "Sochi"]
[Date "2016.05.01"]
[Round "1.4"]
[White "Deryagin, Aleksandr"]
[Black "Kremenietsky, Anatoly M"]
[Result "0-1"]
[WhiteElo "1720"]
[BlackElo "2320"]
[PlyCount "78"]
[EventDate "2016.05.01"]

1. e4 c5 2. d4 cxd4 3. c3 Nf6 4. e5 Nd5 5. Bc4 Nb6 6. Bb3 d5 7. cxd4 Nc6 8. Nf3
Bg4 9. Be3 e6 10. a3 Rc8 11. h3 Bxf3 12. Qxf3 Na5 13. Nd2 Nxb3 14. Nxb3 Nc4 15.
O-O Nxb2 16. Rfb1 Nc4 17. Nd2 Qd7 18. Nxc4 Rxc4 19. Qd1 Be7 20. Qb3 b6 21. a4
O-O 22. a5 Bd8 23. axb6 Bxb6 24. Qd1 Rfc8 25. g4 Qe7 26. Kg2 f6 27. exf6 Qxf6
28. Rc1 Qg6 29. f3 h6 30. Rxc4 dxc4 31. Ra2 e5 32. Bf2 exd4 33. Bxd4 c3 34.
Qb3+ Qf7 35. Qxf7+ Kxf7 36. Bxb6 axb6 37. Rc2 b5 38. Kf2 b4 39. Ke2 b3 0-1

[Event "Team senior chess final 2016"]
[Site "Sochi"]
[Date "2016.05.01"]
[Round "1.4"]
[White "Kolbanov, Veniamin M"]
[Black "Okunev, Nikolai"]
[Result "1-0"]
[WhiteElo "2175"]
[BlackElo "1962"]
[PlyCount "87"]
[EventDate "2016.05.01"]

1. Nf3 d5 2. e3 Nf6 3. c4 c6 4. b3 Bg4 5. Bb2 e6 6. Be2 Nbd7 7. d4 Bb4+ 8. Kf1
O-O 9. h3 Bh5 10. c5 Ne4 11. g3 f5 12. Kg2 Bxf3+ 13. Bxf3 Qf6 14. Qc2 Rf7 15.
a3 Ba5 16. b4 Bc7 17. Nc3 Raf8 18. Raf1 Qg6 19. Ne2 Ng5 20. Nf4 Bxf4 21. exf4
Nxf3 22. Kxf3 Nf6 23. Kg2 Ne4 24. h4 h5 25. Rh3 Re7 26. Re1 a6 27. Re3 Qe8 28.
Rh1 Qg6 29. Qe2 Rfe8 30. Rb1 Nf6 31. Rb3 Qf7 32. a4 Ra8 33. Bc3 Ne4 34. Be1 b5
35. cxb6 Nd6 36. Rc3 Nc4 37. Rxc4 dxc4 38. Qxc4 Qe8 39. Rc1 a5 40. bxa5 Qd7 41.
a6 Qd5+ 42. Qxd5 exd5 43. b7 Rb8 44. Rb1 1-0

[Event "Team senior chess final 2016"]
[Site "Sochi"]
[Date "2016.05.02"]
[Round "2.1"]
[White "Sosnin, Anatoly"]
[Black "Kalegin, Evgenij"]
[Result "0-1"]
[WhiteElo "2188"]
[BlackElo "2431"]
[PlyCount "74"]
[EventDate "2016.05.01"]

1. c4 e5 2. Nc3 d6 3. Nf3 g6 4. d4 Nd7 5. dxe5 dxe5 6. g3 Bg7 7. Bg2 Ngf6 8.
O-O O-O 9. Qc2 c6 10. b3 Re8 11. e4 Nc5 12. Rd1 Qc7 13. Bb2 Bg4 14. h3 Bxf3 15.
Bxf3 a5 16. Ba3 Bf8 17. Bg2 Nfd7 18. h4 Ne6 19. Bxf8 Rxf8 20. Ne2 c5 21. Nc3
Nd4 22. Qd2 Nb6 23. h5 Qe7 24. Nd5 Nxd5 25. cxd5 a4 26. hxg6 hxg6 27. Qb2 b5
28. Rf1 Rfc8 29. f4 axb3 30. axb3 Rxa1 31. Rxa1 c4 32. bxc4 bxc4 33. Bh3 c3 34.
Qf2 Rb8 35. fxe5 c2 36. Bf1 Qxe5 37. Ra7 Nf3+ 0-1

[Event "Team senior chess final 2016"]
[Site "Sochi"]
[Date "2016.05.02"]
[Round "2.1"]
[White "Zhelnin, Vladimir V"]
[Black "Deryagin, Aleksandr"]
[Result "1-0"]
[WhiteElo "2464"]
[BlackElo "1720"]
[PlyCount "53"]
[EventDate "2016.05.01"]

1. e4 e5 2. Nf3 d6 3. d4 Bg4 4. dxe5 Bxf3 5. Qxf3 dxe5 6. Bc4 Nf6 7. Qb3 Be7 8.
Bxf7+ Kf8 9. Bc4 Nc6 10. Nd2 Nd4 11. Qd3 Qe8 12. c3 Nc6 13. O-O Rd8 14. Qe2 a6
15. b4 b5 16. Bb3 g5 17. a4 Qg6 18. axb5 axb5 19. Qxb5 Nxe4 20. Nxe4 Qxe4 21.
f3 Qg6 22. Ra6 Rd6 23. Qc4 Kg7 24. b5 Nb8 25. Qxc7 Nxa6 26. Qxe7+ Kh6 27. h4
1-0

[Event "Team senior chess final 2016"]
[Site "Sochi"]
[Date "2016.05.02"]
[Round "2.1"]
[White "Okunev, Nikolai"]
[Black "Pushkov, Nikolai"]
[Result "0-1"]
[WhiteElo "1962"]
[BlackElo "2306"]
[PlyCount "52"]
[EventDate "2016.05.01"]

1. e4 e6 2. d4 d5 3. exd5 exd5 4. Be3 Nf6 5. Nf3 Bd6 6. Bd3 O-O 7. h3 Re8 8.
O-O Nc6 9. c3 Ne4 10. Qc2 f5 11. Bxe4 fxe4 12. Bg5 Qd7 13. Ne1 Qf5 14. Be3 Qg6
15. Kh1 Ne7 16. f4 exf3 17. Qxg6 Nxg6 18. Rxf3 Nh4 19. Bf2 Nxf3 20. Nxf3 Re2
21. Kg1 Bf5 22. Nbd2 Bf4 23. Nb3 Rae8 24. Ne5 Rxb2 25. Nc5 Bxe5 26. dxe5 Rxe5
0-1

[Event "Team senior chess final 2016"]
[Site "Sochi"]
[Date "2016.05.02"]
[Round "2.3"]
[White "Sidorov, Anatoly"]
[Black "Gubernatorov, Sergey"]
[Result "1/2-1/2"]
[WhiteElo "2292"]
[BlackElo "2289"]
[PlyCount "82"]
[EventDate "2016.05.01"]

1. c4 e5 2. Nc3 Nf6 3. Nf3 Nc6 4. g3 d5 5. cxd5 Nxd5 6. Bg2 Nb6 7. d3 Be7 8. a3
O-O 9. O-O Be6 10. b4 a5 11. b5 Nd4 12. Nd2 c6 13. bxc6 Nxc6 14. a4 Rc8 15. Bb2
Qd7 16. Nb5 Bb4 17. Ne4 h6 18. Nec3 Rfd8 19. Na2 Bf8 20. Nac3 f5 21. Qb1 Bb4
22. Rc1 Kh8 23. Ba3 Nd5 24. Nxd5 Bxd5 25. Bxd5 Qxd5 26. Qb2 e4 27. Bxb4 axb4
28. Rd1 exd3 29. Rxd3 Qe6 30. Rad1 Rxd3 31. Rxd3 Qe5 32. Qa2 Rd8 33. Rxd8+ Nxd8
34. e3 Nc6 35. Qf7 b6 36. h4 Qf6 37. Qd5 Ne7 38. Qd8+ Kh7 39. Nd4 Nc6 40. Qd5
Nxd4 41. exd4 b3 1/2-1/2

[Event "Team senior chess final 2016"]
[Site "Sochi"]
[Date "2016.05.02"]
[Round "2.3"]
[White "Zhukov, Viktor I"]
[Black "Iliushkin, Evgeny"]
[Result "1/2-1/2"]
[WhiteElo "2004"]
[BlackElo "2223"]
[PlyCount "31"]
[EventDate "2016.05.01"]

1. e4 c5 2. Nf3 e6 3. d4 cxd4 4. Nxd4 a6 5. Bd3 Bc5 6. Nb3 Ba7 7. O-O Nc6 8.
Qe2 d6 9. Be3 Bxe3 10. Qxe3 Nf6 11. Nc3 O-O 12. f4 Qc7 13. Rae1 Nd7 14. Qh3 Nb4
15. Rf3 Nxd3 16. cxd3 {çàïèñü íå ðàçáîð~~èâà} 1/2-1/2

[Event "Team senior chess final 2016"]
[Site "Sochi"]
[Date "2016.05.02"]
[Round "2.3"]
[White "Ostashevsky, Gennady"]
[Black "Mednikov, Gennadiy"]
[Result "0-1"]
[WhiteElo "2125"]
[BlackElo "2118"]
[PlyCount "66"]
[EventDate "2016.05.01"]

1. Nf3 d5 2. c4 d4 3. g3 Nc6 4. Bg2 e5 5. d3 Bc5 6. a3 a5 7. Qa4 Bd7 8. Nbd2
Nf6 9. O-O O-O 10. Qc2 Re8 11. h3 h6 12. Kh2 Bf5 13. Ne4 Bf8 14. Bd2 Nd7 15.
Rab1 Bh7 16. g4 a4 17. Rg1 Nc5 18. g5 Nb3 19. gxh6 Nxd2 20. Qxd2 gxh6 21. Kh1
f5 22. Ng3 e4 23. dxe4 fxe4 24. Nh2 e3 25. fxe3 Bxb1 26. Bd5+ Kh8 27. Rxb1 dxe3
28. Qc2 Ra5 29. Rd1 Qg5 30. Ne4 Qh4 31. c5 Bg7 32. Rg1 Re5 33. Rxg7 Kxg7 0-1

[Event "Team senior chess final 2016"]
[Site "Sochi"]
[Date "2016.05.02"]
[Round "2.3"]
[White "Maiorov, Viktor"]
[Black "Loginov, Alexander"]
[Result "1-0"]
[WhiteElo "2047"]
[BlackElo "2123"]
[PlyCount "101"]
[EventDate "2016.05.01"]

1. e4 c5 2. Nc3 e6 3. g3 Nc6 4. Bg2 Nf6 5. d3 Rb8 6. f4 d5 7. e5 Nd7 8. Nf3 b5
9. O-O b4 10. Ne2 Be7 11. c4 bxc3 12. bxc3 O-O 13. Qc2 Ba6 14. Rd1 f6 15. d4
Qb6 16. exf6 Nxf6 17. Ng5 h6 18. Nxe6 Nb4 19. cxb4 Qxe6 20. bxc5 Qxe2 21. Qxe2
Bxe2 22. Re1 Bxc5 23. dxc5 Bc4 24. Be3 Rfe8 25. Bd4 Ne4 26. Bh3 Bb5 27. Kg2 Bc6
28. Bg4 Rb4 29. Bg1 Rb2+ 30. Re2 Rxe2+ 31. Bxe2 Rb8 32. Bd3 Rb2+ 33. Kf3 Rd2
34. Ke3 Rb2 35. a4 Rb3 36. Kd4 Kf7 37. Bb5 Bxb5 38. axb5 Ke6 39. Ra6+ Kf5 40.
Kxd5 Rxb5 41. Rxa7 g5 42. Be3 gxf4 43. gxf4 Nf6+ 44. Kc4 Rb1 45. c6 Rb2 46. Re7
Rc2+ 47. Kb5 Rb2+ 48. Ka6 Kg6 49. Re5 Rc2 50. Kb7 Ng4 51. c7 1-0

[Event "Team senior chess final 2016"]
[Site "Sochi"]
[Date "2016.05.02"]
[Round "2.4"]
[White "Sabaev, Evgueni"]
[Black "Faibisovich, Vadim Z"]
[Result "1-0"]
[WhiteElo "2129"]
[BlackElo "2352"]
[PlyCount "85"]
[EventDate "2016.05.01"]

1. Nf3 d5 2. c4 e6 3. g3 Nf6 4. Bg2 Be7 5. O-O O-O 6. b3 b6 7. Bb2 Bb7 8. e3 c5
9. Nc3 Nc6 10. cxd5 exd5 11. d4 Qd7 12. Ne5 Qe6 13. Ne2 Rad8 14. Nf4 Qd6 15.
Rc1 cxd4 16. Nxc6 Bxc6 17. Qxd4 Rfe8 18. Rfd1 Bf8 19. Qc3 Rc8 20. Qd3 Bb7 21.
Nxd5 Nxd5 22. Bxd5 Rxc1 23. Bxc1 Bxd5 24. Qxd5 Rd8 25. Qxd6 Rxd6 26. Rxd6 Bxd6
27. Bb2 f5 28. h3 h5 29. Kg2 Kf7 30. f4 g6 31. Kf3 b5 32. Bd4 a6 33. e4 Ba3 34.
g4 hxg4+ 35. hxg4 fxg4+ 36. Kxg4 a5 37. f5 Bc1 38. e5 gxf5+ 39. Kxf5 a4 40. e6+
Ke8 41. b4 Bd2 42. Bc5 Bc3 43. Ke4 1-0

[Event "Team senior chess final 2016"]
[Site "Sochi"]
[Date "2016.05.02"]
[Round "2.4"]
[White "Kamiljanov, Timerbay"]
[Black "Karasev, Vladimir I"]
[Result "0-1"]
[WhiteElo "2139"]
[BlackElo "2354"]
[PlyCount "116"]
[EventDate "2016.05.01"]

1. d4 g6 2. c4 Bg7 3. e4 Nc6 4. Nf3 d6 5. d5 Ne5 6. Nxe5 Bxe5 7. Nc3 Bxc3+ 8.
bxc3 e5 9. f4 Nf6 10. fxe5 dxe5 11. Qf3 Bg4 12. Qg3 O-O 13. Bd3 Qd6 14. O-O Bd7
15. Qh4 Nh5 16. a4 c5 17. Rf3 f6 18. Bh6 Rf7 19. Qf2 Bg4 20. Re3 f5 21. Qh4 f4
22. Ree1 Bd7 23. Be2 Nf6 24. Bf3 a5 25. g3 fxg3 26. Qxg3 Kh8 27. Rf1 Ng8 28.
Be3 Raf8 29. Bg2 Rxf1+ 30. Rxf1 Rxf1+ 31. Kxf1 Nf6 32. Qg5 Kg7 33. Qh6+ Kg8 34.
Qg5 Kf7 35. Qh6 b6 36. Bh3 Bxh3+ 37. Qxh3 Qd7 38. Qf3 Kg7 39. Qg3 Qxa4 40. Qxe5
Qxc4+ 41. Ke1 Qxe4 42. Qc7+ Kf8 43. Qd8+ Kf7 44. Qc7+ Kg8 45. Qd8+ Qe8 46.
Qxe8+ Nxe8 47. Bg5 a4 48. Kd1 Kf7 49. Bd8 b5 50. Bb6 Nf6 51. Bxc5 Nxd5 52. Kd2
g5 53. Kd3 Nf4+ 54. Ke4 Ke6 55. Bf8 h5 56. Bc5 h4 57. Ba3 Nd5 58. Kd4 g4 0-1

[Event "Team senior chess final 2016"]
[Site "Sochi"]
[Date "2016.05.02"]
[Round "2.4"]
[White "Blechzin, Igor"]
[Black "Sadykov, Mars"]
[Result "1-0"]
[WhiteElo "2350"]
[BlackElo "2043"]
[PlyCount "87"]
[EventDate "2016.05.01"]

1. c4 Nf6 2. Nc3 e6 3. e4 d5 4. e5 d4 5. exf6 dxc3 6. fxg7 cxd2+ 7. Bxd2 Bxg7
8. Qc2 Nc6 9. Nf3 Nd4 10. Nxd4 Bxd4 11. Bc3 c5 12. f4 Qf6 13. Bxd4 cxd4 14. Qe4
O-O 15. O-O-O Rd8 16. g4 Bd7 17. Bd3 Qg7 18. Rhf1 Bc6 19. Qe2 b5 20. cxb5 Bd5
21. Kb1 f6 22. Bc4 Bxc4 23. Qxc4 Qd7 24. f5 Rac8 25. Qxe6+ Kg7 26. Rfe1 Qxe6
27. Rxe6 Rc7 28. Rc1 Rf7 29. Kc2 Kh6 30. h4 d3+ 31. Kd2 Rd4 32. Rxf6+ Rxf6 33.
g5+ Kg7 34. gxf6+ Kxf6 35. Rc7 Ra4 36. a3 h5 37. Kxd3 Rxh4 38. Rxa7 Rf4 39. b6
Rxf5 40. a4 Rd5+ 41. Ke4 Re5+ 42. Kd4 Re8 43. a5 Kg6 44. b7 1-0

[Event "Team senior chess final 2016"]
[Site "Sochi"]
[Date "2016.05.03"]
[Round "3.1"]
[White "Gubernatorov, Sergey"]
[Black "Sabaev, Evgueni"]
[Result "1/2-1/2"]
[WhiteElo "2289"]
[BlackElo "2129"]
[PlyCount "100"]
[EventDate "2016.05.01"]

1. c4 e6 2. g3 d5 3. Bg2 Nf6 4. Nf3 Be7 5. O-O O-O 6. d4 dxc4 7. Qc2 a6 8. Bg5
h6 9. Bxf6 Bxf6 10. Rd1 Nc6 11. Qxc4 e5 12. d5 Nd4 13. Nxd4 exd4 14. Nd2 Re8
15. Ne4 d3 16. Qxd3 Bxb2 17. Rab1 Be5 18. Nc5 Ra7 19. e4 Bd6 20. Qd4 Qf6 21.
Qe3 Qe7 22. Nd3 b6 23. f4 f6 24. Qd4 Bd7 25. a4 Raa8 26. Re1 a5 27. e5 fxe5 28.
fxe5 Bc5 29. Nxc5 Qxc5 30. Qxc5 bxc5 31. d6 Ra7 32. Bd5+ Kh8 33. e6 cxd6 34.
exd7 Rxe1+ 35. Rxe1 Rxd7 36. Re8+ Kh7 37. Ra8 Kg6 38. Rxa5 Kf6 39. Ra8 Ke5 40.
Bf3 d5 41. Re8+ Kd4 42. Re1 c4 43. a5 c3 44. Rd1+ Ke3 45. Bg4 Rf7 46. Re1+ Kd2
47. Rd1+ Ke3 48. Bh5 Rf6 49. Re1+ Kd2 50. Rd1+ Ke3 1/2-1/2

[Event "Team senior chess final 2016"]
[Site "Sochi"]
[Date "2016.05.03"]
[Round "3.1"]
[White "Mednikov, Gennadiy"]
[Black "Kamiljanov, Timerbay"]
[Result "1-0"]
[WhiteElo "2118"]
[BlackElo "2139"]
[PlyCount "97"]
[EventDate "2016.05.01"]

1. d4 Nf6 2. Bf4 g6 3. Nc3 Bg7 4. Qd2 c5 5. d5 d6 6. e4 a6 7. a4 Qa5 8. Ra2 O-O
9. Nf3 Nbd7 10. Be2 Qb4 11. a5 Nxe4 12. Nxe4 Qxe4 13. O-O Nf6 14. c4 Qf5 15.
Bd3 Qd7 16. Bh6 Bxh6 17. Qxh6 Rb8 18. Ng5 b6 19. Re1 bxa5 20. Re4 Qf5 21. Re3
Qf4 22. Rf3 Qc1+ 23. Bf1 Bf5 24. g4 Rb4 25. gxf5 Rxc4 26. Rg3 Rd4 27. Ra1 Qf4
28. fxg6 hxg6 29. Rh3 Qxg5+ 30. Qxg5 Rg4+ 31. Qxg4 Nxg4 32. Rxa5 Rb8 33. b3 Rb4
34. Bc4 Ne5 35. Rc3 Kg7 36. Rxa6 Kf6 37. Ra7 Rb8 38. f4 Ng4 39. h3 Nh6 40. Kg2
Nf5 41. Rc1 Rh8 42. Re1 Rh4 43. Bd3 Rxf4 44. Bxf5 Rxf5 45. Rexe7 Rxd5 46. Rxf7+
Kg5 47. Kg3 Rd3+ 48. Rf3 Rd4 49. Rh7 1-0

[Event "Team senior chess final 2016"]
[Site "Sochi"]
[Date "2016.05.03"]
[Round "3.1"]
[White "Sadykov, Mars"]
[Black "Maiorov, Viktor"]
[Result "0-1"]
[WhiteElo "2043"]
[BlackElo "2047"]
[PlyCount "120"]
[EventDate "2016.05.01"]

1. Nf3 c5 2. c4 Nc6 3. Nc3 g6 4. g3 Bg7 5. Bg2 d6 6. O-O e5 7. d3 Nge7 8. Rb1
O-O 9. a3 a5 10. Bd2 Ra6 11. e4 h6 12. Nd5 Nxd5 13. cxd5 Nd4 14. Nxd4 cxd4 15.
b4 axb4 16. Bxb4 Bd7 17. f4 f5 18. fxe5 Bxe5 19. Qd2 Kg7 20. Rf2 g5 21. exf5
Rxf5 22. Rbf1 Rxf2 23. Qxf2 Qe7 24. Kh1 Ra8 25. Re1 Qf7 26. Qxf7+ Kxf7 27. Rc1
Rc8 28. Rxc8 Bxc8 29. Be4 b6 30. Kg2 g4 31. Kf1 Kf6 32. Ke2 h5 33. Bd2 Bf5 34.
Be1 h4 35. Bf2 h3 36. Kd2 Bd7 37. Kc2 Ba4+ 38. Kb2 Kg5 39. Bh7 Bd1 40. Bg8 Bg7
41. Be6 Be5 42. Bd7 Bf3 43. Bc6 Be2 44. Kc2 Bf6 45. Bd7 Bf3 46. Be6 Kg6 47. Kb3
Be2 48. Kc4 b5+ 49. Kxb5 Bxd3+ 50. Kc6 Be2 51. Kxd6 d3 52. Be1 Bg5 53. Kc6 d2
54. Bxd2 Bxd2 55. d6 Kf6 56. Bc8 Ba5 57. Kd5 Bf3+ 58. Kd4 Bb6+ 59. Kc4 Bf2 60.
a4 Bxg3 0-1

[Event "Team senior chess final 2016"]
[Site "Sochi"]
[Date "2016.05.03"]
[Round "3.3"]
[White "Pozin, Sergey"]
[Black "Rashkovsky, Nukhim N"]
[Result "1-0"]
[WhiteElo "2332"]
[BlackElo "2515"]
[PlyCount "83"]
[EventDate "2016.05.01"]

1. d4 d6 2. Nf3 Nf6 3. c4 Bg4 4. Nc3 Nbd7 5. e4 e5 6. Be2 Bxf3 7. Bxf3 g6 8. d5
Bg7 9. Bg5 h6 10. Be3 O-O 11. g4 Nb6 12. b3 c6 13. Qd2 cxd5 14. cxd5 Rc8 15.
Rc1 Nfd7 16. Bxh6 Qh4 17. Bg5 Qh3 18. Ke2 f6 19. Be3 f5 20. gxf5 gxf5 21. Rhg1
f4 22. Bxb6 Nxb6 23. Bg4 Qh7 24. Bxc8 Nxc8 25. Rg4 Kh8 26. Rcg1 Bf6 27. Qd3 a6
28. Qf3 Ne7 29. a4 Rc8 30. Kd2 Ng8 31. Rg6 Rf8 32. Nd1 Ne7 33. R6g4 Rf7 34. Ke2
Rf8 35. Kf1 Ng8 36. Nb2 b5 37. axb5 axb5 38. Nd3 Ra8 39. Nb4 Ra1+ 40. Ke2 Ra8
41. Rg6 Rf8 42. Nc6 1-0